[Event "MPJBiS 2020"]
[Site "?"]
[Date "2020.08.28"]
[Round "2.1"]
[White "Duda, Szymon"]
[Black "Warchol, Kamil"]
[Result "0-1"]
[BlackElo "1751"]
[WhiteElo "1350"]
[LiveChessVersion "1.4.8"]

1. Nf3 d5 2. d4 Nf6 3. c4 e6 4. Nc3 Be7 5. Bf4 O-O 6. e3 b6 7. Be2 Bb7 8. O-O c5
9. Rc1 Nc6 10. Ne5 cxd4 11. Nxc6 Bxc6 12. Qxd4 dxc4 13. Bxc4 Qxd4 14. exd4 Rfd8
15. Rfd1 Nd5 16. Nxd5 Bxd5 17. Bc7 Re8 18. Bxd5 exd5 19. Bf4 Bf6 20. Be3 Rac8 21.
Kf1 Kf8 22. Rxc8 Rxc8 23. Ke2 Ke7 24. Kd3 Ke6 25. Rc1 Rxc1 26. Bxc1 Kf5 27. Be3
g5 28. h3 h5 29. g3 Be7 30. f3 g4 31. hxg4+ hxg4 32. f4 Ke6 33. Bd2 Kf5 34. Be3
Bd6 35. Bd2 Ke6 36. Be3 f5 37. Bd2 Kd7 38. Bc3 Kc6 39. b3 Ba3 40. Kc2 Kb5 41. Kd2
Bb4 42. Kc2 Ba3 43. Kd2 a5 44. Kd3 Bc1 45. Bd2 Bxd2 46. Kxd2 0-1

[Event "MPJBiS 2020"]
[Site "?"]
[Date "2020.08.28"]
[Round "2.2"]
[White "Krawczyk, Flawian"]
[Black "Bury, Maksymilian"]
[Result "1/2-1/2"]
[BlackElo "1350"]
[WhiteElo "1728"]
[LiveChessVersion "1.4.8"]

1. e4 c5 2. Nf3 {[%clk 0:15:15]} e6 {[%clk 0:15:19]} 3. b3 {[%clk 0:15:15]} Nc6
{[%clk 0:15:22]} 4. Bb2 {[%clk 0:15:24]} d5 {[%clk 0:15:31]} 5. exd5
{[%clk 0:15:07]} exd5 {[%clk 0:15:38]} 6. Bb5 {[%clk 0:15:08]} Nf6
{[%clk 0:15:23]} 7. O-O {[%clk 0:15:15]} Be7 {[%clk 0:15:32]} 8. d4
{[%clk 0:14:21]} O-O {[%clk 0:15:35]} 9. dxc5 {[%clk 0:14:21]} Bxc5
{[%clk 0:15:42]} 10. h3 {[%clk 0:14:19]} a6 {[%clk 0:15:25]} 11. Bd3
{[%clk 0:14:17]} Be6 {[%clk 0:15:11]} 12. Nbd2 {[%clk 0:14:12]} Nd7
{[%clk 0:14:26]} 13. Re1 {[%clk 0:14:06]} Qb6 {[%clk 0:14:32]} 14. Rf1
{[%clk 0:12:06]} Rfe8 {[%clk 0:13:33]} 15. Rb1 {[%clk 0:10:01]} Nb4
{[%clk 0:13:08]} 16. a3 {[%clk 0:07:44]} Nxd3 {[%clk 0:13:13]} 17. cxd3
{[%clk 0:07:52]} a5 {[%clk 0:12:52]} 18. d4 {[%clk 0:07:52]} Bd6 {[%clk 0:12:45]}
19. Rc1 {[%clk 0:07:37]} Rac8 {[%clk 0:12:46]} 20. Re1 {[%clk 0:07:32]} Nf6
{[%clk 0:11:31]} 21. Ne5 {[%clk 0:07:30]} Nd7 {[%clk 0:11:07]} 22. Nxd7
{[%clk 0:06:16]} Bxd7 {[%clk 0:11:11]} 23. Rxe8+ {[%clk 0:06:04]} Rxe8
{[%clk 0:11:17]} 24. Qf3 {[%clk 0:05:58]} Be6 {[%clk 0:11:16]} 25. Nf1
{[%clk 0:06:00]} h6 {[%clk 0:10:56]} 26. Ng3 {[%clk 0:04:27]} Qa6
{[%clk 0:09:19]} 27. Nf5 {[%clk 0:04:15]} b5 {[%clk 0:08:01]} 28. Re1
{[%clk 0:03:49]} b4 {[%clk 0:07:11]} 29. a4 {[%clk 0:02:49]} Qc6 {[%clk 0:06:47]}
30. Rc1 {[%clk 0:01:41]} Qd7 {[%clk 0:06:38]} 31. Nxd6 {[%clk 0:01:22]} Qxd6
{[%clk 0:06:45]} 32. Rc5 {[%clk 0:01:22]} Ra8 {[%clk 0:06:46]} 33. Bc1
{[%clk 0:01:22]} Rc8 {[%clk 0:06:37]} 34. Bf4 {[%clk 0:01:27]} Qd8
{[%clk 0:06:21]} 35. Qe3 {[%clk 0:01:02]} Rxc5 {[%clk 0:05:57]} 36. dxc5
{[%clk 0:01:10]} d4 {[%clk 0:05:53]} 37. Qd3 {[%clk 0:01:18]} Qd5
{[%clk 0:05:44]} 38. c6 {[%clk 0:00:40]} Qxc6 {[%clk 0:05:31]} 39. Qxd4
{[%clk 0:00:49]} Qd5 {[%clk 0:05:17]} 40. Qxd5 {[%clk 0:00:16]} Bxd5
{[%clk 0:05:26]} 41. Bc7 {[%clk 0:00:25]} Bxb3 {[%clk 0:05:34]} 42. Bxa5
{[%clk 0:00:34]} Bxa4 {[%clk 0:05:42]} 43. Bxb4 {[%clk 0:00:42]} g6
{[%clk 0:05:43]} 44. Kh2 {[%clk 0:00:51]} Kg7 {[%clk 0:05:53]} 45. Kg3
{[%clk 0:01:00]} Kf6 {[%clk 0:06:02]} 46. Kf4 {[%clk 0:01:09]} Bb5
{[%clk 0:06:06]} 47. h4 {[%clk 0:01:14]} Bf1 {[%clk 0:05:50]} 48. Bc3+
{[%clk 0:01:21]} Ke6 {[%clk 0:05:55]} 49. g3 {[%clk 0:01:24]} Be2
{[%clk 0:06:02]} 50. Bg7 {[%clk 0:01:28]} h5 {[%clk 0:06:08]} 51. Bc3
{[%clk 0:01:36]} Bd1 {[%clk 0:06:16]} 52. f3 {[%clk 0:01:31]} Be2
{[%clk 0:05:58]} 53. Ke3 {[%clk 0:01:32]} Bd1 {[%clk 0:06:05]} 54. Ke4
{[%clk 0:01:33]} Bc2+ {[%clk 0:06:07]} 55. Kf4 {[%clk 0:01:42]} Bd1
{[%clk 0:06:17]} 56. g4 {[%clk 0:01:46]} hxg4 {[%clk 0:06:25]} 57. fxg4
{[%clk 0:01:55]} Be2 {[%clk 0:06:29]} 58. Kg5 {[%clk 0:01:52]} Bd1
{[%clk 0:06:20]} 59. h5 {[%clk 0:01:42]} gxh5 {[%clk 0:06:39]} 60. gxh5
{[%clk 0:01:51]} Bxh5 {[%clk 0:06:47]} 61. Kxh5 {[%clk 0:02:00]} f6
{[%clk 0:06:55]} 62. Bxf6 {[%clk 0:02:04]} 1/2-1/2

[Event "MPJBiS 2020"]
[Site "?"]
[Date "2020.08.28"]
[Round "2.3"]
[White "Maj, Samuel"]
[Black "Bochniak, Franciszek"]
[Result "1-0"]
[BlackElo "1719"]
[WhiteElo "1347"]
[LiveChessVersion "1.4.8"]

1. d4 {[%clk 0:15:19]} Nf6 {[%clk 0:15:18]} 2. c4 {[%clk 0:15:28]} e6
{[%clk 0:15:27]} 3. Nf3 {[%clk 0:15:35]} d5 {[%clk 0:15:33]} 4. g3
{[%clk 0:15:42]} c6 {[%clk 0:15:35]} 5. Bg2 {[%clk 0:15:50]} Bd6 {[%clk 0:15:40]}
6. O-O {[%clk 0:15:55]} O-O {[%clk 0:15:47]} 7. Qc2 {[%clk 0:16:03]} Nbd7
{[%clk 0:15:50]} 8. Nbd2 {[%clk 0:16:11]} b6 {[%clk 0:15:53]} 9. e4
{[%clk 0:15:55]} dxe4 {[%clk 0:15:49]} 10. Nxe4 {[%clk 0:16:03]} Nxe4
{[%clk 0:15:58]} 11. Qxe4 {[%clk 0:16:11]} Bb7 {[%clk 0:16:06]} 12. Bf4
{[%clk 0:15:31]} Nf6 {[%clk 0:16:01]} 13. Qe3 {[%clk 0:15:15]} Qc7
{[%clk 0:15:11]} 14. Bxd6 {[%clk 0:14:32]} Qxd6 {[%clk 0:15:19]} 15. Rad1
{[%clk 0:14:02]} Rad8 {[%clk 0:15:05]} 16. Rd2 {[%clk 0:13:23]} Ba8
{[%clk 0:13:44]} 17. Rfd1 {[%clk 0:13:03]} Rfe8 {[%clk 0:13:25]} 18. Ne5
{[%clk 0:11:56]} Nd7 {[%clk 0:12:53]} 19. f4 {[%clk 0:08:33]} Nxe5
{[%clk 0:11:01]} 20. dxe5 {[%clk 0:08:25]} Qc7 {[%clk 0:11:10]} 21. Rd3
{[%clk 0:07:43]} Kf8 {[%clk 0:07:34]} 22. Qd2 {[%clk 0:07:15]} Ke7
{[%clk 0:07:34]} 23. Rd6 {[%clk 0:06:44]} Bb7 {[%clk 0:06:28]} 24. f5
{[%clk 0:05:24]} f6 {[%clk 0:05:34]} 25. fxe6 {[%clk 0:04:31]} Ba8
{[%clk 0:03:37]} 26. Qf4 {[%clk 0:03:27]} Qc8 {[%clk 0:02:57]} 27. Rd7+
{[%clk 0:02:50]} Kxe6 {[%clk 0:01:54]} 28. Bh3+ {[%clk 0:02:45]} f5
{[%clk 0:01:57]} 29. Qxf5# 1-0

[Event "MPJBiS 2020"]
[Site "?"]
[Date "2020.08.28"]
[Round "2.4"]
[White "Seemann, Jakub"]
[Black "Dylong, Antoni"]
[Result "1-0"]
[BlackElo "1328"]
[WhiteElo "1687"]
[LiveChessVersion "1.4.8"]

1. d4 {[%clk 0:15:17]} Nf6 {[%clk 0:15:18]} 2. c4 {[%clk 0:15:25]} e5
{[%clk 0:15:26]} 3. dxe5 {[%clk 0:15:28]} Ng4 {[%clk 0:15:34]} 4. Bf4
{[%clk 0:15:25]} Nc6 {[%clk 0:15:42]} 5. Nf3 {[%clk 0:15:13]} Bb4+
{[%clk 0:15:42]} 6. Nbd2 {[%clk 0:15:18]} Qe7 {[%clk 0:15:44]} 7. a3
{[%clk 0:15:06]} Ngxe5 {[%clk 0:15:44]} 8. Nxe5 {[%clk 0:15:10]} Nxe5
{[%clk 0:15:29]} 9. e3 {[%clk 0:15:12]} Bxd2+ {[%clk 0:14:48]} 10. Qxd2
{[%clk 0:15:19]} d6 {[%clk 0:13:38]} 11. Be2 {[%clk 0:15:15]} Ng6
{[%clk 0:12:55]} 12. Bg3 {[%clk 0:15:19]} Bd7 {[%clk 0:11:39]} 13. Bf3
{[%clk 0:14:40]} Bc6 {[%clk 0:10:49]} 14. Bxc6+ {[%clk 0:14:47]} bxc6
{[%clk 0:10:57]} 15. O-O {[%clk 0:14:44]} O-O {[%clk 0:09:39]} 16. Rac1
{[%clk 0:14:27]} Rfe8 {[%clk 0:06:59]} 17. Rfd1 {[%clk 0:14:10]} Ne5
{[%clk 0:06:26]} 18. e4 {[%clk 0:13:36]} Qe6 {[%clk 0:04:58]} 19. c5
{[%clk 0:12:33]} d5 {[%clk 0:03:54]} 20. exd5 {[%clk 0:12:28]} cxd5
{[%clk 0:03:38]} 21. Qxd5 {[%clk 0:12:36]} Qxd5 {[%clk 0:03:33]} 22. Rxd5
{[%clk 0:12:43]} Ng4 {[%clk 0:01:57]} 23. h3 {[%clk 0:12:01]} Nf6
{[%clk 0:02:05]} 24. Rd4 {[%clk 0:11:58]} c6 {[%clk 0:01:46]} 25. Rcd1
{[%clk 0:11:55]} Nd5 {[%clk 0:01:34]} 26. Ra4 {[%clk 0:11:56]} a6
{[%clk 0:01:27]} 27. Rad4 {[%clk 0:11:29]} Re2 {[%clk 0:01:28]} 28. b4
{[%clk 0:11:29]} Rae8 {[%clk 0:01:18]} 29. a4 {[%clk 0:11:31]} Nc3
{[%clk 0:01:10]} 30. Ra1 {[%clk 0:11:06]} Re1+ {[%clk 0:01:09]} 31. Rxe1
{[%clk 0:11:14]} Rxe1+ {[%clk 0:01:17]} 32. Kh2 {[%clk 0:11:23]} h6
{[%clk 0:01:14]} 33. Rd8+ {[%clk 0:11:31]} Kh7 {[%clk 0:01:22]} 34. Ra8
{[%clk 0:11:37]} Re4 {[%clk 0:01:19]} 35. Rxa6 {[%clk 0:11:27]} Rxb4
{[%clk 0:01:15]} 36. Rxc6 {[%clk 0:11:29]} Nxa4 {[%clk 0:01:16]} 37. Rc7
{[%clk 0:11:36]} Rc4 {[%clk 0:01:06]} 38. c6 {[%clk 0:11:39]} f6 {[%clk 0:01:04]}
39. Ra7 {[%clk 0:11:44]} Nb6 {[%clk 0:00:51]} 40. c7 {[%clk 0:11:47]} Nc8
{[%clk 0:00:54]} 41. Ra8 {[%clk 0:11:51]} Nb6 {[%clk 0:01:03]} 42. Rb8
{[%clk 0:12:00]} Rc6 {[%clk 0:00:53]} 43. Rxb6 {[%clk 0:12:08]} Rxc7
{[%clk 0:01:01]} 44. Bxc7 {[%clk 0:12:16]} 1-0

[Event "MPJBiS 2020"]
[Site "?"]
[Date "2020.08.28"]
[Round "2.5"]
[White "Bartnik, Michal"]
[Black "Musial, Igor"]
[Result "1-0"]
[BlackElo "1613"]
[WhiteElo "1320"]
[LiveChessVersion "1.4.8"]

1. d4 d5 2. c4 e6 3. Nc3 Nf6 4. Nf3 Be7 5. Bf4 a6 6. a3 Nbd7 7. e3 b6 8. Bd3 Bb7
9. O-O O-O 10. Re1 c5 11. Ne5 Ne4 12. f3 Nxc3 13. bxc3 Nxe5 14. Bxe5 f6 15. Bg3
Bd6 16. f4 Qc7 17. Qe2 b5 18. cxb5 c4 19. Bc2 axb5 20. a4 bxa4 21. Rxa4 Rxa4 22.
Bxa4 f5 23. Rb1 Ra8 24. Qc2 Bc6 25. Bxc6 Qxc6 26. Qb2 Ra3 27. Qb6 Qc7 28. Be1
Qxb6 29. Rxb6 Ra1 30. Kf2 Ra2+ 31. Kf3 Ra1 32. Kf2 Ba3 33. Rxe6 Bb2 34. Re5 Ra2
35. Kf3 Ra3 36. Rxf5 Bxc3 37. Bxc3 Rxc3 38. Rxd5 Rc1 39. Rc5 c3 40. Ke4 Rg1 41.
g3 Rg2 42. Rxc3 Rxh2 43. d5 Rd2 44. Rd3 Ra2 45. d6 Ra8 46. d7 Rd8 47. Ke5 Kf7 48.
Kd6 h5 49. Kc7 Ke7 50. Rd5 1-0

[Event "MPJBiS 2020"]
[Site "?"]
[Date "2020.08.28"]
[Round "2.6"]
[White "Zielonka, Adam"]
[Black "Wilgosz, Szczepan"]
[Result "1-0"]
[BlackElo "1317"]
[WhiteElo "1609"]
[LiveChessVersion "1.4.8"]

1. Nf3 {[%clk 0:15:15]} f5 {[%clk 0:15:04]} 2. d4 {[%clk 0:15:13]} Nf6
{[%clk 0:14:48]} 3. c4 {[%clk 0:15:00]} g6 {[%clk 0:14:54]} 4. e3
{[%clk 0:15:05]} Bg7 {[%clk 0:15:01]} 5. Be2 {[%clk 0:15:14]} O-O
{[%clk 0:15:05]} 6. O-O {[%clk 0:15:21]} d6 7. b3 {[%clk 0:14:40]} Qe8
{[%clk 0:13:44]} 8. Bb2 {[%clk 0:14:40]} Nbd7 {[%clk 0:13:31]} 9. d5
{[%clk 0:13:48]} Nc5 {[%clk 0:12:17]} 10. b4 {[%clk 0:13:47]} Na4
{[%clk 0:09:20]} 11. Bd4 {[%clk 0:13:36]} e6 {[%clk 0:09:21]} 12. dxe6
{[%clk 0:13:16]} Bxe6 13. Ng5 {[%clk 0:12:52]} Bd7 {[%clk 0:08:53]} 14. Nc3
{[%clk 0:12:43]} h6 {[%clk 0:05:36]} 15. Nf3 {[%clk 0:12:43]} Ne4
{[%clk 0:05:43]} 1-0

[Event "MPJBiS 2020"]
[Site "?"]
[Date "2020.08.28"]
[Round "2.7"]
[White "Rekuc, Patryk"]
[Black "Grot, Blazej"]
[Result "0-1"]
[BlackElo "1601"]
[WhiteElo "1310"]
[LiveChessVersion "1.4.8"]

1. d4 Nf6 2. Nf3 e6 3. Bf4 d5 4. e3 c5 5. c4 cxd4 6. exd4 Bb4+ 7. Nbd2 dxc4 8.
Bxc4 Nc6 9. O-O O-O 10. Nb3 h6 11. a3 Be7 12. Bb5 Nd5 13. Bg3 Bd7 14. Bxc6 Bxc6
15. Ne5 Ba4 16. Qf3 Qb6 17. Nc5 Bxc5 18. dxc5 Qxc5 19. Qg4 Be8 20. Rac1 Qe7 21.
Nc4 f5 22. Qh3 f4 23. Bh4 g5 24. Rfe1 Bf7 25. Ne5 gxh4 26. Nxf7 Qxf7 27. Rxe6
Rae8 28. Qg4+ Kh7 29. Rd6 Re7 30. Qxh4 Nf6 31. Qxf4 Ng4 32. Qxf7+ Rfxf7 33. f3
Ne3 34. Re1 Nc4 35. Rxe7 Rxe7 36. Rd4 Nxb2 37. Kf2 b5 38. f4 Nc4 39. a4 a6 40.
axb5 axb5 41. g4 Rc7 42. Ke2 b4 43. Kd3 b3 44. Rd8 b2 45. Rb8 Rc6 46. Kc3 Ne3+
47. Kxb2 Nxg4 48. Rb7+ Kg6 49. h3 Nf2 50. Rb3 Rf6 51. Rf3 Rxf4 52. Rxf4 Nd3+ 53.
Kc2 Nxf4 54. Kd2 Nxh3 55. Ke3 h5 56. Kf3 Ng5+ 57. Kg3 Ne4+ 58. Kh4 Nd6 59. Kh3
Kg5 60. Kg3 Nf5+ 61. Kh3 h4 62. Kg2 Kg4 63. Kh2 h3 64. Kh1 Nd6 65. Kh2 Ne4 66.
Kh1 Kg3 67. Kg1 h2+ 68. Kh1 Nf2# 0-1

[Event "MPJBiS 2020"]
[Site "?"]
[Date "2020.08.28"]
[Round "2.8"]
[White "Sniadecki, Oskar"]
[Black "Nagly, Wojciech"]
[Result "1-0"]
[BlackElo "1308"]
[WhiteElo "1569"]
[LiveChessVersion "1.4.8"]

1. d4 {[%clk 0:15:15]} c5 {[%clk 0:15:17]} 2. c3 {[%clk 0:15:04]} e6
{[%clk 0:15:21]} 3. Nf3 {[%clk 0:15:10]} Nf6 {[%clk 0:15:20]} 4. Bg5
{[%clk 0:14:56]} h6 {[%clk 0:15:20]} 5. Bxf6 {[%clk 0:14:42]} Qxf6
{[%clk 0:15:24]} 6. e3 {[%clk 0:14:49]} Nc6 {[%clk 0:15:05]} 7. Bd3
{[%clk 0:14:52]} d5 {[%clk 0:14:45]} 8. Nbd2 {[%clk 0:14:56]} Bd6
{[%clk 0:09:33]} 9. O-O {[%clk 0:14:21]} e5 {[%clk 0:09:12]} 10. dxc5
{[%clk 0:13:24]} Bxc5 {[%clk 0:09:16]} 11. e4 {[%clk 0:13:31]} d4
{[%clk 0:09:08]} 12. Nb3 {[%clk 0:13:33]} Bb6 {[%clk 0:09:10]} 13. cxd4
{[%clk 0:13:41]} Bxd4 {[%clk 0:08:49]} 14. Nbxd4 {[%clk 0:13:38]} Nxd4
{[%clk 0:08:58]} 15. Nxd4 {[%clk 0:13:28]} exd4 {[%clk 0:09:06]} 16. e5
{[%clk 0:13:36]} Qb6 {[%clk 0:08:54]} 17. Qa4+ {[%clk 0:13:06]} Bd7
{[%clk 0:08:54]} 18. Qa3 {[%clk 0:13:16]} Rc8 {[%clk 0:08:32]} 19. Rac1
{[%clk 0:13:19]} Rxc1 {[%clk 0:07:48]} 20. Rxc1 {[%clk 0:13:27]} a6
{[%clk 0:07:16]} 21. f4 {[%clk 0:13:25]} f6 {[%clk 0:05:09]} 22. exf6
{[%clk 0:13:17]} Qxf6 {[%clk 0:04:52]} 23. Re1+ {[%clk 0:13:26]} Kf7
{[%clk 0:04:06]} 24. Qb3+ {[%clk 0:12:48]} Be6 {[%clk 0:03:24]} 25. Rxe6
{[%clk 0:12:42]} Qxe6 {[%clk 0:03:24]} 26. Bc4 {[%clk 0:12:52]} Re8
{[%clk 0:03:33]} 27. Bxe6+ {[%clk 0:13:00]} Rxe6 {[%clk 0:03:42]} 28. Qxb7+
{[%clk 0:13:09]} Kf6 {[%clk 0:03:51]} 29. Qd5 {[%clk 0:13:10]} Re1+
{[%clk 0:03:53]} 30. Kf2 {[%clk 0:13:19]} Rd1 {[%clk 0:04:01]} 31. Ke2
{[%clk 0:13:24]} Ra1 {[%clk 0:03:57]} 32. Qxd4+ {[%clk 0:13:28]} Kf7
{[%clk 0:04:05]} 33. g4 {[%clk 0:13:33]} Kg8 {[%clk 0:04:08]} 34. g5
{[%clk 0:13:42]} hxg5 {[%clk 0:04:15]} 35. fxg5 {[%clk 0:13:51]} Kh8
{[%clk 0:04:21]} 36. g6 {[%clk 0:14:00]} Re1+ {[%clk 0:04:22]} 37. Kxe1
{[%clk 0:14:09]} Kg8 {[%clk 0:04:31]} 38. Qd8# {[%clk 0:14:18]} 1-0

[Event "MPJBiS 2020"]
[Site "?"]
[Date "2020.08.28"]
[Round "2.9"]
[White "Pawlowski, Kamil"]
[Black "Bartodziej, Bartosz"]
[Result "0-1"]
[BlackElo "1563"]
[WhiteElo "1307"]
[LiveChessVersion "1.4.8"]

1. c4 {[%clk 0:15:15]} Nf6 {[%clk 0:15:15]} 2. Nc3 {[%clk 0:15:20]} g6
{[%clk 0:15:20]} 3. d4 {[%clk 0:15:28]} d5 {[%clk 0:15:28]} 4. e3
{[%clk 0:15:14]} Bg7 {[%clk 0:15:33]} 5. Nf3 {[%clk 0:13:17]} O-O
{[%clk 0:15:40]} 6. cxd5 {[%clk 0:11:57]} Nxd5 {[%clk 0:15:48]} 7. e4
{[%clk 0:12:04]} Nxc3 {[%clk 0:15:56]} 8. bxc3 {[%clk 0:12:11]} c5
{[%clk 0:15:54]} 9. Be3 {[%clk 0:11:20]} Nc6 {[%clk 0:14:40]} 10. Bb5
{[%clk 0:08:31]} cxd4 {[%clk 0:14:22]} 11. cxd4 {[%clk 0:08:25]} Qa5+
{[%clk 0:14:17]} 12. Qd2 {[%clk 0:06:08]} Qxb5 {[%clk 0:14:22]} 13. Bh6
{[%clk 0:04:19]} Bg4 {[%clk 0:13:47]} 14. Bxg7 {[%clk 0:03:40]} Kxg7
{[%clk 0:13:54]} 15. d5 {[%clk 0:03:45]} Bxf3 {[%clk 0:10:48]} 16. dxc6
{[%clk 0:03:15]} Bg4 {[%clk 0:09:58]} 17. f3 {[%clk 0:02:22]} Be6
{[%clk 0:10:06]} 18. cxb7 {[%clk 0:02:19]} Rab8 {[%clk 0:09:51]} 19. Qc3+
{[%clk 0:01:47]} Kg8 {[%clk 0:09:55]} 20. a4 {[%clk 0:01:32]} Qxb7
{[%clk 0:09:23]} 21. O-O {[%clk 0:01:19]} Rfc8 {[%clk 0:09:31]} 22. Qe5
{[%clk 0:01:21]} Qc7 {[%clk 0:09:04]} 23. Qg5 {[%clk 0:01:21]} Qc5+
{[%clk 0:09:13]} 24. Qxc5 {[%clk 0:01:29]} Rxc5 {[%clk 0:09:21]} 25. Kf2
{[%clk 0:01:31]} Rb2+ {[%clk 0:09:27]} 26. Kg3 {[%clk 0:01:36]} Rcc2
{[%clk 0:09:35]} 27. Rg1 {[%clk 0:01:42]} Kg7 {[%clk 0:09:08]} 28. a5
{[%clk 0:01:43]} h5 {[%clk 0:09:05]} 29. h4 {[%clk 0:01:40]} Ra2 {[%clk 0:09:09]}
30. Rab1 {[%clk 0:01:39]} Rxa5 {[%clk 0:09:17]} 31. Rb7 {[%clk 0:01:47]} Kf6
{[%clk 0:09:19]} 32. Rf1 {[%clk 0:01:01]} Raa2 {[%clk 0:09:24]} 33. Rg1
{[%clk 0:01:09]} a5 {[%clk 0:09:33]} 34. Ra7 {[%clk 0:01:17]} a4 {[%clk 0:09:42]}
35. Ra6 {[%clk 0:01:19]} a3 {[%clk 0:09:46]} 36. f4 Rc3+ {[%clk 0:09:52]} 37. Kh2
{[%clk 0:01:24]} Rh3# {[%clk 0:09:48]} 0-1

[Event "MPJBiS 2020"]
[Site "?"]
[Date "2020.08.28"]
[Round "2.10"]
[White "Raczek, Krzysztof"]
[Black "Micula, Jakub"]
[Result "1-0"]
[BlackElo "1304"]
[WhiteElo "1559"]
[LiveChessVersion "1.4.8"]

1. c4 {[%clk 0:15:17]} Nf6 {[%clk 0:15:17]} 2. Nc3 {[%clk 0:15:26]} e6
{[%clk 0:15:22]} 3. g3 {[%clk 0:15:35]} Be7 {[%clk 0:15:17]} 4. Bg2
{[%clk 0:15:43]} O-O {[%clk 0:15:24]} 5. Nf3 {[%clk 0:15:53]} c5 {[%clk 0:15:25]}
6. O-O {[%clk 0:15:55]} Nc6 {[%clk 0:15:31]} 7. d4 {[%clk 0:15:56]} cxd4
{[%clk 0:15:30]} 8. Nxd4 {[%clk 0:16:02]} h6 {[%clk 0:14:48]} 9. e4
{[%clk 0:15:43]} a6 {[%clk 0:14:18]} 10. Nxc6 {[%clk 0:15:45]} bxc6
{[%clk 0:14:06]} 11. e5 {[%clk 0:15:53]} Ne8 {[%clk 0:13:32]} 12. Ne4
{[%clk 0:15:43]} Rb8 {[%clk 0:13:09]} 13. b3 {[%clk 0:15:43]} Bb7
{[%clk 0:12:52]} 14. Be3 {[%clk 0:15:38]} d5 {[%clk 0:12:49]} 15. exd6
{[%clk 0:15:45]} Nxd6 {[%clk 0:12:55]} 16. Nc5 {[%clk 0:15:47]} Qc7
{[%clk 0:12:39]} 17. Qe2 {[%clk 0:15:17]} Rfd8 {[%clk 0:12:36]} 18. Na4
{[%clk 0:15:06]} Ba8 {[%clk 0:11:31]} 19. c5 {[%clk 0:14:55]} Nb5
{[%clk 0:09:45]} 20. Bf4 {[%clk 0:15:03]} Nd4 {[%clk 0:09:47]} 21. Bxc7
{[%clk 0:14:56]} Nxe2+ {[%clk 0:09:54]} 22. Kh1 {[%clk 0:15:05]} Rbc8
{[%clk 0:09:27]} 23. Bxd8 {[%clk 0:15:12]} Rxd8 {[%clk 0:09:36]} 24. Rfd1
{[%clk 0:14:59]} Nd4 {[%clk 0:09:03]} 25. f4 {[%clk 0:13:43]} Bf6
{[%clk 0:09:03]} 26. Rac1 {[%clk 0:13:31]} Kf8 {[%clk 0:09:03]} 27. Be4
{[%clk 0:13:16]} Ke7 {[%clk 0:08:56]} 28. Kg2 {[%clk 0:13:20]} Bb7
{[%clk 0:08:57]} 29. Rc4 {[%clk 0:13:17]} a5 {[%clk 0:08:42]} 30. h4
{[%clk 0:12:51]} g6 {[%clk 0:08:41]} 31. Nb6 {[%clk 0:12:18]} Ba6
{[%clk 0:08:22]} 32. Ra4 {[%clk 0:11:58]} Bb5 {[%clk 0:08:18]} 33. Rxa5
{[%clk 0:11:59]} Bg7 {[%clk 0:08:20]} 34. Ra7+ {[%clk 0:12:05]} Kf8
{[%clk 0:08:19]} 35. Rd7 {[%clk 0:12:01]} Rxd7 {[%clk 0:08:19]} 36. Nxd7+
{[%clk 0:12:10]} Ke7 {[%clk 0:08:24]} 37. Ne5 {[%clk 0:12:17]} Bxe5
{[%clk 0:07:39]} 38. fxe5 {[%clk 0:12:21]} Ne2 {[%clk 0:07:44]} 39. a4
{[%clk 0:12:18]} Nc3 {[%clk 0:07:28]} 40. Re1 {[%clk 0:09:31]} Nxe4
{[%clk 0:07:01]} 41. Rxe4 {[%clk 0:09:39]} Bd3 {[%clk 0:06:57]} 42. Rd4
{[%clk 0:09:39]} Bc2 {[%clk 0:07:04]} 43. a5 {[%clk 0:09:43]} Bxb3
{[%clk 0:07:07]} 44. a6 {[%clk 0:09:43]} Bd5+ {[%clk 0:07:11]} 45. Rxd5
{[%clk 0:09:50]} exd5 {[%clk 0:07:16]} 46. a7 {[%clk 0:09:58]} Ke6
{[%clk 0:07:24]} 47. a8=Q {[%clk 0:10:06]} Kxe5 {[%clk 0:07:30]} 48. Qxc6
{[%clk 0:10:14]} d4 {[%clk 0:07:35]} 49. Kf3 {[%clk 0:10:22]} d3 {[%clk 0:07:44]}
50. Qd6+ {[%clk 0:10:29]} Kf5 {[%clk 0:07:50]} 51. g4# {[%clk 0:10:38]} 1-0

[Event "MPJBiS 2020"]
[Site "?"]
[Date "2020.08.28"]
[Round "2.11"]
[White "Borowik, Wojciech"]
[Black "Kowalski, Witold"]
[Result "1-0"]
[BlackElo "1283"]
[WhiteElo "1528"]
[LiveChessVersion "1.4.8"]

1. d4 {[%clk 0:15:17]} Nf6 {[%clk 0:15:18]} 2. c4 {[%clk 0:15:24]} e6
{[%clk 0:15:25]} 3. Nf3 {[%clk 0:15:29]} d5 {[%clk 0:15:25]} 4. Nc3
{[%clk 0:15:24]} c5 {[%clk 0:14:52]} 5. cxd5 {[%clk 0:15:04]} exd5
{[%clk 0:14:59]} 6. Bg5 {[%clk 0:13:33]} cxd4 {[%clk 0:11:06]} 7. Bxf6
{[%clk 0:12:16]} Qxf6 {[%clk 0:11:03]} 8. Nxd5 {[%clk 0:10:21]} Qd6
{[%clk 0:10:15]} 9. Qxd4 {[%clk 0:10:12]} Nc6 {[%clk 0:10:18]} 10. Qe4+
{[%clk 0:08:59]} Be6 {[%clk 0:08:42]} 11. Rd1 {[%clk 0:07:51]} Qd8
{[%clk 0:07:49]} 12. Nc3 {[%clk 0:07:06]} Qc7 {[%clk 0:05:37]} 13. e3
{[%clk 0:06:18]} Bb4 {[%clk 0:04:43]} 14. Bb5 {[%clk 0:05:04]} Rc8
{[%clk 0:02:43]} 15. Bxc6+ {[%clk 0:05:07]} 1-0

[Event "MPJBiS 2020"]
[Site "?"]
[Date "2020.08.28"]
[Round "3.1"]
[White "Warchol, Kamil"]
[Black "Liskiewicz, Jakub"]
[Result "0-1"]
[BlackElo "1424"]
[WhiteElo "1751"]
[LiveChessVersion "1.4.8"]

1. e4 d6 2. d4 Nf6 3. Nc3 g6 4. f3 Bg7 5. Be3 O-O 6. Qd2 c6 7. g4 b5 8. O-O-O Qa5
9. Kb1 b4 10. Nce2 Be6 11. b3 c5 12. Nf4 Bxg4 13. fxg4 Nxe4 14. Qd3 Nc3+ 15. Kc1
Nxd1 16. Kxd1 cxd4 17. Bf2 Nd7 18. h4 Nc5 19. Qf3 e5 20. Nd5 e4 21. Nf6+ Bxf6 22.
Qxf6 e3 23. h5 Ne4 24. Qxd4 Nxf2+ 25. Ke1 Nxh1 26. hxg6 hxg6 27. Nf3 Qc5 28. Qf4
Qc3+ 29. Kd1 Nf2+ 30. Kc1 Qa1# 0-1